CLINICAL CASES AND PEARLS IN MEDICINE (Record no. 14342)

MARC details
000 -LEADER
fixed length control field 00266nam a22001217a 4500
003 - CONTROL NUMBER IDENTIFIER
control field SGT
082 ## - DEWEY DECIMAL CLASSIFICATION NUMBER
Classification number 616.024
Item number C15S
100 ## - MAIN ENTRY--PERSONAL NAME
Personal name SAINANI,G S
245 ## - TITLE STATEMENT
Title CLINICAL CASES AND PEARLS IN MEDICINE
260 ## - PUBLICATION, DISTRIBUTION, ETC. (IMPRINT)
Place of publication, distribution, etc INDIA
Name of publisher, distributor, etc JAYPEE
Year of Publication 2015
300 ## - PAGE DESCRIPTION
No. of Pages 459
942 ## - ADDED ENTRY ELEMENTS (KOHA)
Source of classification or shelving scheme Dewey Decimal Classification
Koha item type Books
942 ## - ADDED ENTRY ELEMENTS (KOHA)
-- 3
Holdings
Withdrawn status Lost status Source of classification or shelving scheme Damaged status Not for loan Collection code Home library Current library Shelving location Date acquired Vendor Name Cost, normal purchase price SGTU Bill Number Total Checkouts Full call number Accession No. (Barcode) Date last seen Bill Date Koha item type Total Renewals Date last borrowed
    Dewey Decimal Classification     MEDICAL SGT Medical Library SGT Medical Library Text Book 29/12/2017 ABC DELHI 895.00 SGTU 8707   616.024 C15S FM9272 29/12/2017 08/08/2017 Books    
    Dewey Decimal Classification     MEDICAL SGT Medical Library SGT Medical Library Text Book 29/12/2017 ABC DELHI 895.00 SGTU 8707 4 616.024 C15S FM9273 19/12/2025 08/08/2017 Books 1 20/08/2025